Las Leyes del deporte de la democracia bases para una Ley del siglo XXI /

Detalles Bibliográficos
Otros Autores: Plata Caballero, Nicols̀ F. de la
Formato: Desconocido
Lenguaje:español
Publicado: Madrid : Dykinson, 2003
Materias:
Acceso en línea:Acceso restringido

MARC

LEADER 00000ny a22000003n 4500
005 20110621113322.0
006 m u
007 cr cn|||||||||
008 200507r2003 sp |||||s|||||||||||spa d
020 |a 9788497720076 
035 |a 277 
040 |a FlNmELB  |c FlNmELB  |d vlex 
050 1 4 |a K3702  |b L683 2002eb 
080 |a 796 
090 |c 1303  |d 1303 
245 0 4 |a Las Leyes del deporte de la democracia  |h [Recurso electrn̤ico]  |b bases para una Ley del siglo XXI /  |c Nicolas de la Plata Caballero.... [et al] 
256 |a Servicio en ln̕ea 
260 |a Madrid :  |b Dykinson,  |c 2003 
300 |a p. ;  |c cm 
506 1 |a Contenido solo disponible en los productos indicados  |d vLex Global  |d vLex Global (Academic Edition, excluding Law Schools)  |d vLex Global (U.S. Academic Edition, Law Schools)  |d vLex Global (U.S. Academic Edition, excluding Law Schools)  |d vLex Global (Academic Edition, Law Schools) 
650 0 7 |a Democracia  |2 Tesauro vLex 
650 0 7 |a Deportes  |2 Tesauro vLex 
650 0 7 |a Ley de deporte  |2 Tesauro vLex 
650 0 7 |a Civil  |2 Tesauro vLex 
650 0 7 |a Regulacin̤ del deporte  |2 Tesauro vLex 
700 1 |a Plata Caballero, Nicols̀ F. de la 
740 0 |a vLex Libros (Servicios en ln̕ea) 
856 4 0 |u http://vlex.com/source/277  |z Acceso restringido 
942 |c BOOK